00563cam a22002171 4500001001300000003000400013005001700017008004100034010001700075035002000092040003800112042001200150050001900162082001100181100003500192245002300227260003300250300001800283440002900301999001500330af 49000013 DLC20260227110913.0860308s1944 gw 000 0 ger c aaf 49000013  a(OCoLC)13273105 aWisconsin. Univ. Libr.cTxHRdDLC apremarc00aPT2625.E62bZ3 a833.911 aMeschendörfer, Adolf,d1877-10aZauber der Heimat. aJena,bE. Diederichsc[1944] a77 p.c19 cm. 0aDeutsche Reihe,vBd. 141 c6453d6453